000 00509nam a22001937a 4500
003 KOHA_MİRAKIL
005 20251111081905.0
008 251111b tu ||||| |||| 00| 0 tur d
020 _a9786257949835
040 _aTR-AnABB
_btur
_cTR-AnABB
041 _atur
082 _a297.7
_bKEM 2023
100 1 _aKemikli, Bilal,
245 1 0 _aOğul, sen sen ol /
_cBilal Kemikli
260 _aİstanbul :
_bSufi kitap,
_c2023
300 _a76 sayfa ;
_c21 cm
650 0 0 _aTasavvuf
942 _2ddc
_cBK
999 _c9323
_d9323
900 _bGizem YORULMAZ